C : The New Cambridge English Course. vol.I, Teacher /

שמור ב:
מידע ביבליוגרפי
מחבר ראשי: Swan, Michael
מחברים אחרים: Walter, Catherine
פורמט: Sách giấy
שפה:English
יצא לאור: Cambridge : Cambridge University, 1990
תגים: הוספת תג
אין תגיות, היה/י הראשונ/ה לתייג את הרשומה!
Thư viện lưu trữ: Thư viện Trường Đại học Đà Lạt
LEADER 00647nam a2200253 4500
001 DLU020001187
005 ##1/26/1999
020 # # |a 0-521-37665-3 
041 # # |a eng 
082 # # |a 428.007  |b SW-M 
100 # # |a Swan, Michael 
245 # # |a C :  |b The New Cambridge English Course.  |n vol.I,  |p Teacher /  |c Michael Swan, Catherine Walter 
260 # # |a Cambridge :  |b Cambridge University,  |c 1990 
300 # # |a VIII, 147 tr.;  |c 30 cm. 
700 # # |a Walter, Catherine 
992 # # |a 28000 
994 # # |a DLU 
900 # # |a False 
911 # # |a Administrator 
925 # # |a G 
926 # # |a A 
927 # # |a SH 
980 # # |a Thư viện Trường Đại học Đà Lạt